History - European | 3 | 1 | 0 | 0 | 55 | 40 | 61.00 | 0 | 1 |
History - Cross, Historiography, and Miscellaneous | 0 | 3 | 0 | 0 | 30 | 71 | 93.67 | 0 | 1 |
History - American | 1 | 1 | 0 | 0 | 25 | 14 | 52.00 | 1 | 1 |
Current Events - World | 1 | 1 | 0 | 0 | 25 | 78 | 81.50 | 0 | 0 |
Fine Arts - Architecture | 1 | 1 | 0 | 0 | 25 | 45 | 85.50 | 0 | 0 |
History - World | 1 | 1 | 0 | 0 | 25 | 32 | 61.00 | 0 | 1 |
Other - Other Academic and General Knowledge | 1 | 1 | 0 | 0 | 25 | 63 | 77.00 | 0 | 0 |
Social Science - Other | 1 | 0 | 0 | 0 | 15 | 34 | 34.00 | 0 | 0 |
Social Science - Sociology | 0 | 1 | 0 | 0 | 10 | 106 | 106.00 | 0 | 0 |
RMP - World Mythology | 0 | 1 | 0 | 0 | 10 | 109 | 109.00 | 0 | 0 |
Science - Biology | 0 | 1 | 0 | 0 | 10 | 125 | 125.00 | 0 | 0 |
Geography - World | 0 | 1 | 0 | 0 | 10 | 88 | 88.00 | 0 | 0 |
Geography - United States | 0 | 1 | 0 | 0 | 10 | 66 | 66.00 | 0 | 0 |